000 00429nam a22001577a 4500
003 OSt
005 20260121160558.0
008 260121b |||||||| |||| 00| 0 eng d
040 _cMRSPTU
041 _aEnglish
100 _aPuneet, Supervisor: Naresh Kumar Garg
245 _aBinarization of Black/Green Board Images
260 _bDepartment of CSE, MRSPTU, Bathinda
_c2013
650 _aComputer Science
942 _2ddc
_cTH
_n0
999 _c10717
_d10717